Belén y Michu unidas para hacer el bien : libro 5 /

El día de Michu va de mal en peor y apenas son las nueve de la mañana. Se comportó de manera desagradable durante el desayuno, hizo enojar a su mamá y usó toda la lana de Nancy. Michu se pregunta si vale la pena esforzarse tanto para ser buena. Belén dice que sí. ¡Genial! Belén y Michu deciden que v...

Descripción completa

Guardado en:
Autor Principal: Barrows, Annie.
Otros Autores: Blackall, Sophie; il., Esteve, Laura; trad.
Formato: Libro
Idioma:Undetermined
Publicado: Buenos Aires : Catapulta, 2019.
Edición:1a ed.
Materias:
Etiquetas: Agregar Etiqueta
Sin Etiquetas, Sea el primero en etiquetar este registro!
LEADER 01265nam a22002415a 4500
001 CEM.cems024923
008 251006s2019####ag############000#0#und#d
005 20251006174450.0
245 1 0 |a Belén y Michu unidas para hacer el bien :  |b libro 5 /  |c Annie Barrows ; ilustrado por Sophie Blackall. 
250 |a 1a ed. 
260 |a Buenos Aires :  |b Catapulta,  |c 2019. 
300 |a 120 p. 
500 |a Título original: Ivy and Bean bound to be bad. 
500 |a Edad sugerida: a partir de 7 años. 
520 |a El día de Michu va de mal en peor y apenas son las nueve de la mañana. Se comportó de manera desagradable durante el desayuno, hizo enojar a su mamá y usó toda la lana de Nancy. Michu se pregunta si vale la pena esforzarse tanto para ser buena. Belén dice que sí. ¡Genial! Belén y Michu deciden que van a ser las chicas más buenas del barrio y... ¡Esperen un segundo! ¿Cómo terminaron embarradas, mojadas y metidas en un lío? 
020 |a 9789876377737 
100 1 |a Barrows, Annie. 
700 1 |a Blackall, Sophie; il. 
700 1 |a Esteve, Laura; trad. 
653 |a Literatura estadounidense 
653 |a Literatura infantil y juvenil 
653 |a Novela estadounidense 
859 |a CEMS  |b BIB. CEMS - 11 de abril  |h 813.5  |i B278  |p 30449.25  |t Ej.1  |v 5  |3 5